000 01602cam a2200133 4500500
005 20260405085544.0
041 _afre
042 _adc
100 1 0 _aBalard, Michel
_eauthor
245 0 0 _aCroisades et Orient Latin : XIe-XIVe siècle
260 _bArmand Colin,
_c2024.
520 _aÀ partir du XIe siècle, l’idée de croisade s’insère au cœur de la société chrétienne et constitue tout au long du Moyen Âge le moteur de l’expansion de l’Occident dans le monde méditerranéen. Cette synthèse présente et éclaire cet épisode historique sans précédent qui a duré quatre siècles.L’ouvrage expose les origines et la nature de ce phénomène, entre « pèlerinages en armes » et migrations de populations, et en souligne la complexité à travers diverses grilles de lecture : économiques, démographiques, religieuses, politiques. Il montre aussi comment, loin d’apporter les résultats escomptés ni permis les rencontres entre les cultures, ces campagnes ont d’abord servi la chrétienté à prendre conscience d’elle-même.Déroulant le film des huit croisades, l’auteur met en lumière la tradition du pèlerinage vers Jérusalem et le développement de l’idée de guerre sainte dans la pensée pontificale. Il montre également que chez les croisés, la quête de Jérusalem ne peut être séparée de la gloire et de la fortune qui se réalisent dans la création d’États latins en Orient, prémices de la colonisation moderne.
856 4 1 _uhttps://shs.cairn.info/croisades-et-orient-latin--9782200632304?lang=fr&redirect-ssocas=7080
999 _c2198496
_d2198496